[Event "d18"]
[Site "?"]
[Date "2018.03.18"]
[Round "9.1"]
[White "Frej, Zofia"]
[Black "Kiolbasa, Oliwia"]
[Result "0-1"]
[BlackElo "2170"]
[WhiteElo "2006"]
[LiveChessVersion "1.4.8"]

1. e4 {[%clk 1:30:56]} e5 {[%clk 1:30:21]} 2. Nf3 {[%clk 1:31:18]} Nc6
{[%clk 1:30:42]} 3. Bc4 {[%clk 1:31:41]} Bc5 {[%clk 1:30:47]} 4. d3
{[%clk 1:31:47]} Nf6 {[%clk 1:30:35]} 5. O-O {[%clk 1:32:01]} O-O
{[%clk 1:30:42]} 6. c3 {[%clk 1:31:58]} d5 {[%clk 1:29:43]} 7. exd5
{[%clk 1:30:01]} Nxd5 {[%clk 1:30:05]} 8. Bg5 {[%clk 1:23:17]} f6
{[%clk 1:25:43]} 9. Be3 {[%clk 1:17:12]} Bxe3 {[%clk 1:18:15]} 10. fxe3
{[%clk 1:17:27]} Na5 {[%clk 1:16:40]} 11. Bxd5+ {[%clk 1:17:28]} Qxd5
{[%clk 1:17:01]} 12. e4 {[%clk 1:08:35]} Qd6 {[%clk 1:12:30]} 13. Qe2
{[%clk 1:01:35]} Rd8 {[%clk 0:59:58]} 14. Ne1 {[%clk 0:49:26]} c5
{[%clk 0:56:28]} 15. Na3 {[%clk 0:47:48]} Be6 {[%clk 0:54:10]} 16. c4
{[%clk 0:39:46]} a6 {[%clk 0:50:13]} 17. Kh1 {[%clk 0:38:34]} Rab8
{[%clk 0:43:53]} 18. Nac2 {[%clk 0:34:46]} b5 {[%clk 0:42:15]} 19. b3
{[%clk 0:30:40]} Nc6 {[%clk 0:41:13]} 20. Ne3 {[%clk 0:27:14]} Qd4
{[%clk 0:37:59]} 21. Rc1 {[%clk 0:26:48]} bxc4 {[%clk 0:36:43]} 22. Nxc4
{[%clk 0:23:46]} Nb4 {[%clk 0:32:34]} 23. Rd1 {[%clk 0:21:13]} Qc3
{[%clk 0:23:44]} 24. Qd2 {[%clk 0:13:15]} Qxd2 {[%clk 0:21:00]} 25. Rxd2
{[%clk 0:13:35]} Bxc4 {[%clk 0:21:24]} 26. bxc4 {[%clk 0:13:57]} Nc6
{[%clk 0:21:50]} 27. Nf3 {[%clk 0:13:41]} Rb4 {[%clk 0:16:27]} 28. Kg1
{[%clk 0:13:04]} Rdb8 {[%clk 0:15:53]} 29. Kf2 {[%clk 0:11:50]} Rb2
{[%clk 0:13:52]} 30. Rfd1 {[%clk 0:10:25]} Kf7 {[%clk 0:13:27]} 31. Ke3
{[%clk 0:08:06]} Ke6 {[%clk 0:13:24]} 32. g4 {[%clk 0:04:12]} g6 {[%clk 0:12:22]}
33. h4 {[%clk 0:04:10]} a5 {[%clk 0:11:43]} 34. g5 {[%clk 0:01:54]} f5
{[%clk 0:11:20]} 35. exf5+ {[%clk 0:02:02]} gxf5 {[%clk 0:11:44]} 36. h5
{[%clk 0:01:29]} a4 {[%clk 0:07:23]} 37. h6 {[%clk 0:00:50]} Kf7 {[%clk 0:04:30]}
38. Nh4 {[%clk 0:00:44]} Nd4 {[%clk 0:04:29]} 39. Kf2 {[%clk 0:00:42]} a3
{[%clk 0:03:59]} 40. Nf3 {[%clk 0:30:36]} Nxf3 {[%clk 0:32:57]} 41. Kxf3
{[%clk 0:31:01]} Rxd2 {[%clk 0:32:38]} 42. Rxd2 {[%clk 0:31:24]} Rb2
{[%clk 0:33:00]} 0-1

[Event "d18"]
[Site "?"]
[Date "2018.03.18"]
[Round "9.2"]
[White "Antolak, Julia"]
[Black "Leczek, Weronika"]
[Result "1-0"]
[BlackElo "1831"]
[WhiteElo "2185"]
[LiveChessVersion "1.4.8"]

1. e4 c5 2. Nf3 Nc6 3. d4 cxd4 4. Nxd4 Nf6 5. Nc3 d6 6. Bg5 e6 7. Qd2 Bd7 8. Ndb5
Qa5 9. Bxf6 gxf6 10. Nxd6+ Bxd6 11. Qxd6 O-O-O 12. O-O-O Ne5 13. Be2 Bc6 14. Qe7
Ng4 15. Bxg4 Qg5+ 16. Kb1 Qxg4 17. Qxf6 Qxg2 18. Qxf7 Rde8 19. Rdg1 Qh3 20. Nb5
Kb8 21. Qc7+ Ka8 22. Nxa7 Kxa7 23. Rg3 1-0

[Event "d18"]
[Site "?"]
[Date "2018.03.18"]
[Round "9.3"]
[White "Buchta, Agnieszka"]
[Black "Kaczmarska, Joanna"]
[Result "0-1"]
[BlackElo "1979"]
[WhiteElo "1762"]
[LiveChessVersion "1.4.8"]

1. e4 {[%clk 1:30:59]} e6 {[%clk 1:30:54]} 2. d4 {[%clk 1:31:44]} d5
{[%clk 1:31:19]} 3. Nd2 Be7 4. c3 {[%clk 1:31:25]} c5 {[%clk 1:27:10]} 5. exd5
{[%clk 1:30:33]} Qxd5 {[%clk 1:24:40]} 6. dxc5 {[%clk 1:30:31]} Bxc5
{[%clk 1:24:13]} 7. Ngf3 {[%clk 1:29:41]} Nf6 {[%clk 1:19:26]} 8. Bc4
{[%clk 1:28:08]} Qd8 {[%clk 1:16:43]} 9. O-O {[%clk 1:26:17]} Nbd7
{[%clk 1:16:41]} 10. Qe2 {[%clk 1:18:01]} O-O {[%clk 1:11:58]} 11. Ne4
{[%clk 1:09:55]} Be7 {[%clk 0:58:54]} 12. Rd1 {[%clk 0:57:55]} Qc7
{[%clk 0:55:22]} 13. Bg5 {[%clk 0:47:19]} Re8 {[%clk 0:37:16]} 14. Bh4
{[%clk 0:39:40]} Nxe4 {[%clk 0:30:44]} 15. Qxe4 {[%clk 0:39:25]} Bxh4
{[%clk 0:29:48]} 16. Qxh4 {[%clk 0:34:09]} h6 {[%clk 0:23:38]} 17. Rd2
{[%clk 0:24:32]} a6 {[%clk 0:21:53]} 18. Rad1 {[%clk 0:22:45]} Nf6
{[%clk 0:19:02]} 19. Bb3 {[%clk 0:20:12]} b6 {[%clk 0:13:45]} 20. Qg3
{[%clk 0:16:39]} Qb7 {[%clk 0:06:21]} 21. Rd8 {[%clk 0:15:14]} Bd7
{[%clk 0:06:33]} 22. Rxe8+ {[%clk 0:11:29]} Bxe8 {[%clk 0:06:46]} 23. Ne5
{[%clk 0:10:39]} Rb8 {[%clk 0:04:51]} 24. h3 {[%clk 0:08:58]} b5 {[%clk 0:04:03]}
25. Qd3 {[%clk 0:08:12]} Rc8 {[%clk 0:02:10]} 26. Bc2 {[%clk 0:06:29]} g6
{[%clk 0:02:01]} 27. Bb3 {[%clk 0:04:01]} Kg7 {[%clk 0:02:03]} 28. Qd6
{[%clk 0:03:29]} a5 {[%clk 0:01:17]} 29. Qd3 {[%clk 0:02:08]} a4 {[%clk 0:01:02]}
30. Bc2 Nd5 {[%clk 0:01:13]} 31. Qf3 {[%clk 0:02:01]} f6 {[%clk 0:00:49]} 32. Nd3
{[%clk 0:01:13]} Bc6 {[%clk 0:00:53]} 33. Nc5 {[%clk 0:00:48]} Qe7
{[%clk 0:00:41]} 34. b4 {[%clk 0:00:38]} Nxb4 {[%clk 0:00:39]} 35. Be4
{[%clk 0:00:40]} Qxc5 {[%clk 0:00:33]} 36. cxb4 {[%clk 0:00:45]} Qc4
{[%clk 0:00:33]} 37. Bxc6 {[%clk 0:00:44]} Qxc6 {[%clk 0:00:56]} 38. Qxc6
{[%clk 0:00:35]} Rxc6 {[%clk 0:01:21]} 39. Rd7+ {[%clk 0:00:46]} Kf8
{[%clk 0:01:33]} 40. Rb7 {[%clk 0:30:46]} Rc1+ {[%clk 0:30:59]} 41. Kh2
{[%clk 0:31:10]} Rc2 {[%clk 0:30:57]} 42. Kg1 {[%clk 0:24:57]} Rxa2
{[%clk 0:30:08]} 43. Rxb5 {[%clk 0:25:06]} Rb2 {[%clk 0:19:33]} 44. g3
{[%clk 0:19:21]} Ke7 {[%clk 0:11:58]} 45. Kg2 {[%clk 0:10:03]} Kd6
{[%clk 0:11:05]} 46. h4 {[%clk 0:09:43]} Kc6 {[%clk 0:03:51]} 47. Rb8
{[%clk 0:09:55]} Kd5 {[%clk 0:01:42]} 48. b5 {[%clk 0:08:58]} a3 {[%clk 0:01:14]}
49. Ra8 {[%clk 0:03:17]} a2 {[%clk 0:01:34]} 50. Ra6 {[%clk 0:01:49]} Kc5
{[%clk 0:01:37]} 51. b6 {[%clk 0:01:51]} Kc6 {[%clk 0:02:03]} 52. Ra8
{[%clk 0:01:06]} Kb7 {[%clk 0:02:09]} 53. Ra3 {[%clk 0:01:03]} Kxb6
{[%clk 0:02:32]} 54. Ra8 {[%clk 0:01:23]} Kc5 {[%clk 0:02:47]} 55. Kf3
{[%clk 0:00:43]} Kd4 {[%clk 0:03:06]} 56. Ra3 {[%clk 0:00:40]} Kc4
{[%clk 0:03:03]} 57. Ra8 {[%clk 0:00:44]} Kd3 {[%clk 0:03:05]} 58. Rd8+
{[%clk 0:00:39]} Kc2 {[%clk 0:03:27]} 59. Rc8+ {[%clk 0:00:35]} Kb1
{[%clk 0:03:41]} 60. Ra8 {[%clk 0:00:31]} a1=Q {[%clk 0:03:47]} 0-1

[Event "d18"]
[Site "?"]
[Date "2018.03.18"]
[Round "9.4"]
[White "Parol, Pola"]
[Black "Krzysztynska, Anna"]
[Result "1-0"]
[BlackElo "1759"]
[WhiteElo "1917"]
[LiveChessVersion "1.4.8"]

1. e4 c5 2. Nf3 d6 3. d4 cxd4 4. Nxd4 Nf6 5. Nc3 a6 6. Bg5 e6 7. f4 Qb6 8. Qd2
Qxb2 9. Rb1 Qa3 10. f5 e5 11. Bxf6 gxf6 12. Nd5 Qxa2 13. Qb4 exd4 14. Nxf6+ Ke7
15. Nd5+ Ke8 16. Nc7+ Ke7 17. f6+ Kd7 18. Nxa8 Nc6 19. Qb6 Bh6 20. Be2 Qa5+ 21.
Qxa5 Nxa5 22. Ra1 Nc6 23. Nb6+ Kc7 24. Nd5+ Kd8 25. O-O Re8 26. Bh5 Be6 27. Rfb1
Kc8 28. Rb2 Bg5 29. Nb6+ Kc7 30. Rab1 Bxf6 31. Nd5+ Bxd5 32. Rxb7+ Kd8 33. exd5
Re5 34. Bf3 Na5 35. Ra7 Ke8 36. Rb8+ Bd8 37. Raa8 Ke7 38. Rxd8 Nb7 39. Re8+ Kf6
40. Rxe5 dxe5 41. Rxa6+ Kf5 42. d6 Nc5 43. Rc6 Nd7 44. Rc7 1-0

[Event "d18"]
[Site "?"]
[Date "2018.03.18"]
[Round "9.5"]
[White "Cieslak, Wiktoria"]
[Black "Guzik, Natalia"]
[Result "1-0"]
[BlackElo "1655"]
[WhiteElo "1810"]
[LiveChessVersion "1.4.8"]

1. e4 {[%clk 1:30:58]} c5 {[%clk 1:30:55]} 2. Nf3 {[%clk 1:31:22]} Nc6
{[%clk 1:31:19]} 3. d4 {[%clk 1:31:48]} cxd4 {[%clk 1:31:25]} 4. Nxd4
{[%clk 1:32:13]} g6 {[%clk 1:31:49]} 5. c4 {[%clk 1:32:38]} Nf6 {[%clk 1:32:08]}
6. Nc3 {[%clk 1:33:03]} Nxd4 {[%clk 1:32:21]} 7. Qxd4 {[%clk 1:33:27]} d6
{[%clk 1:32:47]} 8. f3 {[%clk 1:33:32]} Bg7 {[%clk 1:32:35]} 9. Be3
{[%clk 1:33:48]} O-O {[%clk 1:32:54]} 10. Qd2 {[%clk 1:34:03]} a5
{[%clk 1:31:19]} 11. b3 {[%clk 1:34:17]} Be6 {[%clk 1:26:23]} 12. Rb1
{[%clk 1:31:51]} Nd7 {[%clk 0:52:11]} 13. Be2 {[%clk 1:30:47]} Nc5
{[%clk 0:47:54]} 14. O-O {[%clk 1:29:53]} f5 {[%clk 0:45:43]} 15. a3
{[%clk 1:27:04]} f4 {[%clk 0:42:45]} 16. Bf2 {[%clk 1:27:23]} Rc8
{[%clk 0:40:15]} 17. b4 {[%clk 1:25:54]} axb4 {[%clk 0:40:23]} 18. axb4
{[%clk 1:26:18]} Nd7 {[%clk 0:40:36]} 19. Nd5 {[%clk 1:26:34]} g5
{[%clk 0:33:30]} 20. Rfc1 {[%clk 1:20:22]} Qe8 {[%clk 0:33:15]} 21. c5
{[%clk 1:10:05]} Nf6 {[%clk 0:25:40]} 22. Bc4 {[%clk 0:58:15]} Qf7
{[%clk 0:25:08]} 23. Nxf6+ {[%clk 0:57:50]} Bxf6 {[%clk 0:22:07]} 24. Bd5
{[%clk 0:57:49]} Bxd5 {[%clk 0:22:23]} 25. exd5 {[%clk 0:58:06]} Be5
{[%clk 0:18:12]} 26. c6 {[%clk 0:57:23]} e6 {[%clk 0:15:00]} 27. dxe6
{[%clk 0:52:10]} Qxe6 {[%clk 0:15:15]} 28. cxb7 {[%clk 0:51:10]} Rxc1+
{[%clk 0:15:22]} 29. Rxc1 {[%clk 0:51:17]} Qf7 {[%clk 0:15:39]} 30. b5
{[%clk 0:49:48]} Qxb7 {[%clk 0:15:20]} 31. b6 {[%clk 0:50:04]} Ra8
{[%clk 0:13:15]} 32. h4 {[%clk 0:49:51]} d5 {[%clk 0:03:10]} 33. Qe2
{[%clk 0:45:16]} Qg7 {[%clk 0:01:45]} 34. b7 {[%clk 0:42:54]} Rb8
{[%clk 0:00:39]} 35. Rc8+ {[%clk 0:42:26]} Kf7 {[%clk 0:01:06]} 36. Qb5
{[%clk 0:42:13]} Ke6 {[%clk 0:00:49]} 37. Qe8+ {[%clk 0:42:24]} Qe7
{[%clk 0:01:00]} 38. Rc6+ {[%clk 0:41:55]} Bd6 {[%clk 0:01:06]} 39. Qxb8
{[%clk 0:42:00]} 1-0

[Event "d18"]
[Site "?"]
[Date "2018.03.18"]
[Round "9.6"]
[White "Karykowska, Anna"]
[Black "Przepiora, Anna"]
[Result "0-1"]
[BlackElo "1471"]
[WhiteElo "1950"]
[LiveChessVersion "1.4.8"]

1. e4 {[%clk 1:30:56]} c5 {[%clk 1:30:56]} 2. Nf3 {[%clk 1:31:22]} a6
{[%clk 1:31:21]} 3. c4 {[%clk 1:31:45]} d6 {[%clk 1:31:45]} 4. d4
{[%clk 1:31:59]} cxd4 {[%clk 1:32:11]} 5. Nxd4 {[%clk 1:32:25]} Nf6
{[%clk 1:32:35]} 6. Nc3 {[%clk 1:32:39]} e6 {[%clk 1:33:00]} 7. Be2
{[%clk 1:31:15]} Be7 {[%clk 1:33:25]} 8. O-O {[%clk 1:28:48]} O-O
{[%clk 1:33:33]} 9. Be3 {[%clk 1:24:49]} b6 {[%clk 1:33:22]} 10. f4
{[%clk 1:16:15]} Bb7 {[%clk 1:32:42]} 11. Bf3 {[%clk 1:08:12]} Qc7
{[%clk 1:30:09]} 12. Qd3 {[%clk 1:06:41]} Nbd7 {[%clk 1:30:00]} 13. Rac1
{[%clk 1:06:26]} Rac8 {[%clk 1:27:27]} 14. b3 {[%clk 0:59:48]} Nc5
{[%clk 1:25:13]} 15. Qb1 {[%clk 0:59:39]} Rfd8 {[%clk 1:24:32]} 16. b4
{[%clk 0:57:44]} Ncd7 {[%clk 1:24:12]} 17. a3 {[%clk 0:55:44]} Qb8
{[%clk 1:16:05]} 18. Na4 {[%clk 0:47:03]} Qa8 {[%clk 1:02:22]} 19. Nb3
{[%clk 0:35:19]} b5 {[%clk 0:55:33]} 20. Nb6 {[%clk 0:34:05]} Nxb6
{[%clk 0:55:12]} 21. Bxb6 {[%clk 0:34:28]} Re8 {[%clk 0:54:58]} 22. e5
{[%clk 0:18:43]} Nd7 {[%clk 0:47:36]} 23. exd6 {[%clk 0:16:41]} Nxb6
{[%clk 0:47:40]} 24. c5 {[%clk 0:12:32]} Bxd6 {[%clk 0:47:02]} 25. cxd6
{[%clk 0:11:49]} Bxf3 {[%clk 0:45:36]} 26. Rxf3 {[%clk 0:12:01]} Rcd8
{[%clk 0:44:57]} 27. Rh3 {[%clk 0:08:54]} f5 {[%clk 0:39:00]} 28. Rc7
{[%clk 0:06:23]} Nd5 {[%clk 0:38:36]} 29. Rc1 {[%clk 0:00:33]} Nxf4
{[%clk 0:37:51]} 30. Rg3 {[%clk 0:00:34]} Ne2+ {[%clk 0:38:09]} 31. Kf2
{[%clk 0:00:40]} Nxg3 {[%clk 0:38:31]} 32. hxg3 {[%clk 0:00:44]} Rxd6
{[%clk 0:38:14]} 33. Rc7 {[%clk 0:00:49]} Rc8 {[%clk 0:33:38]} 34. Re7
{[%clk 0:00:38]} Kf8 {[%clk 0:32:44]} 35. Qb2 {[%clk 0:00:49]} Kxe7
{[%clk 0:32:21]} 36. Qxg7+ {[%clk 0:01:05]} Kd8 {[%clk 0:32:42]} 37. Qf6+
{[%clk 0:00:50]} Kc7 {[%clk 0:32:21]} 38. Nc5 {[%clk 0:01:01]} Qd5
{[%clk 0:28:50]} 39. Qe7+ {[%clk 0:00:36]} Kb8 {[%clk 0:28:54]} 0-1

[Event "d18"]
[Site "?"]
[Date "2018.03.18"]
[Round "9.7"]
[White "Krzywnicka, Maria"]
[Black "Kostecka, Marika"]
[Result "0-1"]
[BlackElo "1975"]
[WhiteElo "1861"]
[LiveChessVersion "1.4.8"]

1. e4 {[%clk 1:30:57]} c5 {[%clk 1:30:33]} 2. d3 {[%clk 1:31:16]} Nc6
{[%clk 1:30:23]} 3. g3 {[%clk 1:31:39]} g6 {[%clk 1:30:12]} 4. Bg2
{[%clk 1:32:04]} Bg7 {[%clk 1:30:37]} 5. Nc3 {[%clk 1:32:26]} e6 {[%clk 1:30:58]}
6. Be3 {[%clk 1:32:06]} Nd4 {[%clk 1:31:22]} 7. Qd2 {[%clk 1:31:47]} Ne7
{[%clk 1:30:57]} 8. Nd1 {[%clk 1:31:22]} b6 {[%clk 1:30:42]} 9. c3
{[%clk 1:31:13]} Ndc6 {[%clk 1:30:33]} 10. Bh6 {[%clk 1:29:20]} Bxh6
{[%clk 1:29:39]} 11. Qxh6 {[%clk 1:29:38]} Ba6 {[%clk 1:29:41]} 12. f4
{[%clk 1:20:24]} Qc7 {[%clk 1:28:23]} 13. Nf2 {[%clk 1:15:23]} O-O-O
{[%clk 1:28:08]} 14. Nf3 {[%clk 1:11:17]} d5 {[%clk 1:22:04]} 15. Ng5
{[%clk 1:02:49]} dxe4 {[%clk 1:10:43]} 16. Bxe4 {[%clk 0:56:33]} Nf5
{[%clk 1:05:51]} 17. Qh3 {[%clk 0:50:41]} Ne3 {[%clk 1:01:26]} 18. Ke2
{[%clk 0:48:18]} Nd5 {[%clk 0:58:20]} 19. Rhe1 {[%clk 0:42:49]} h6
{[%clk 0:55:30]} 20. Nf3 {[%clk 0:43:01]} f5 {[%clk 0:45:21]} 21. Bxd5
{[%clk 0:42:54]} Rxd5 {[%clk 0:43:16]} 22. Rad1 {[%clk 0:40:43]} Qd7
{[%clk 0:35:58]} 23. Rd2 {[%clk 0:37:48]} e5 {[%clk 0:34:53]} 24. fxe5
{[%clk 0:36:16]} Nxe5 {[%clk 0:35:08]} 25. Nxe5 {[%clk 0:36:05]} Rxe5+
{[%clk 0:35:30]} 26. Kd1 {[%clk 0:32:43]} Rxe1+ {[%clk 0:26:42]} 27. Kxe1
{[%clk 0:33:09]} Re8+ {[%clk 0:15:27]} 28. Kd1 {[%clk 0:22:51]} Qe6
{[%clk 0:15:06]} 29. c4 {[%clk 0:11:30]} Qe1+ {[%clk 0:08:23]} 30. Kc2
{[%clk 0:11:27]} Re2 {[%clk 0:05:36]} 31. Qxh6 {[%clk 0:11:42]} Rxf2
{[%clk 0:05:27]} 32. Qf8+ {[%clk 0:06:38]} Kb7 {[%clk 0:05:47]} 33. Qf7+
{[%clk 0:04:35]} Kb8 {[%clk 0:06:08]} 34. Qf8+ {[%clk 0:04:22]} Bc8
{[%clk 0:06:32]} 35. Qd6+ {[%clk 0:02:55]} Kb7 {[%clk 0:06:56]} 36. Rxf2
{[%clk 0:01:53]} Qxf2+ {[%clk 0:07:09]} 37. Kc3 {[%clk 0:01:26]} Qe1+
{[%clk 0:05:58]} 38. Kc2 {[%clk 0:01:32]} Qe6 {[%clk 0:06:05]} 39. Qd8
{[%clk 0:01:12]} Bd7 {[%clk 0:05:30]} 40. Qh4 {[%clk 0:31:04]} Qe2+
{[%clk 0:33:10]} 41. Kc3 {[%clk 0:30:14]} Qe6 {[%clk 0:30:22]} 42. Qh7
{[%clk 0:30:14]} Ka6 {[%clk 0:30:09]} 43. Qh8 {[%clk 0:26:51]} Bc6
{[%clk 0:30:07]} 44. a3 {[%clk 0:25:28]} Bf3 {[%clk 0:27:53]} 45. Kb3
{[%clk 0:21:24]} Qd7 {[%clk 0:26:54]} 46. Ka2 {[%clk 0:19:51]} Qxd3
{[%clk 0:25:40]} 0-1

[Event "d18"]
[Site "?"]
[Date "2018.03.18"]
[Round "9.8"]
[White "Borkowska, Zuzanna"]
[Black "Szelag, Zuzanna"]
[Result "0-1"]
[BlackElo "1888"]
[WhiteElo "1665"]
[LiveChessVersion "1.4.8"]

1. e4 {[%clk 1:30:58]} c5 {[%clk 1:30:51]} 2. Nf3 {[%clk 1:31:24]} d6
{[%clk 1:31:16]} 3. Bb5+ {[%clk 1:31:49]} Bd7 {[%clk 1:31:38]} 4. a4
{[%clk 1:32:07]} Nf6 {[%clk 1:30:02]} 5. Nc3 {[%clk 1:31:30]} g6 {[%clk 1:27:05]}
6. O-O {[%clk 1:29:53]} Bg7 {[%clk 1:26:55]} 7. Re1 {[%clk 1:29:23]} O-O
{[%clk 1:25:40]} 8. e5 {[%clk 1:25:59]} dxe5 {[%clk 1:23:53]} 9. Nxe5
{[%clk 1:26:14]} Be6 {[%clk 1:19:59]} 10. Bc4 {[%clk 1:21:52]} Bxc4
{[%clk 1:16:15]} 11. Nxc4 {[%clk 1:21:30]} Nc6 {[%clk 1:14:35]} 12. d3
{[%clk 1:20:49]} Nd4 {[%clk 1:11:41]} 13. h3 {[%clk 1:15:12]} Re8
{[%clk 1:07:40]} 14. Bf4 {[%clk 1:13:51]} Ne6 {[%clk 1:01:28]} 15. Bh2
{[%clk 1:13:49]} Nd5 {[%clk 0:59:45]} 16. Nxd5 {[%clk 1:12:14]} Qxd5
{[%clk 1:00:10]} 17. Be5 {[%clk 1:08:09]} Rad8 {[%clk 0:57:40]} 18. Bxg7
{[%clk 1:07:14]} Kxg7 {[%clk 0:57:20]} 19. Re5 {[%clk 1:05:16]} Qc6
{[%clk 0:52:51]} 20. b3 {[%clk 0:55:04]} Rd4 {[%clk 0:45:14]} 21. Re3
{[%clk 0:52:03]} Nf4 {[%clk 0:36:37]} 22. Qf3 {[%clk 0:50:22]} Qxf3
{[%clk 0:30:57]} 23. Rxf3 {[%clk 0:50:40]} Ne6 {[%clk 0:29:28]} 24. Re1
{[%clk 0:50:12]} Rd5 {[%clk 0:24:26]} 25. Rfe3 {[%clk 0:46:30]} Rd7
{[%clk 0:21:22]} 26. Ne5 {[%clk 0:46:10]} Rd6 {[%clk 0:21:33]} 27. Nc4
{[%clk 0:42:53]} Rd7 {[%clk 0:19:42]} 28. Re5 {[%clk 0:33:40]} b6
{[%clk 0:16:58]} 29. a5 {[%clk 0:31:35]} b5 {[%clk 0:16:03]} 30. Nd2
{[%clk 0:28:51]} Rc8 {[%clk 0:14:48]} 31. Nf3 {[%clk 0:26:20]} Rcc7
{[%clk 0:10:09]} 32. h4 {[%clk 0:23:13]} h5 {[%clk 0:09:10]} 33. Kf1
{[%clk 0:19:51]} Kf8 {[%clk 0:08:09]} 34. R5e3 {[%clk 0:18:21]} Nd4
{[%clk 0:07:38]} 35. Rc1 {[%clk 0:13:26]} Rd6 {[%clk 0:05:04]} 36. Nd2
{[%clk 0:12:09]} Ra6 {[%clk 0:04:25]} 37. c3 {[%clk 0:07:55]} Nf5
{[%clk 0:04:51]} 38. Re5 {[%clk 0:04:52]} f6 {[%clk 0:01:05]} 39. Rd5
{[%clk 0:04:21]} Nd6 40. Ne4 {[%clk 0:04:21]} Nxe4 41. dxe4 {[%clk 0:04:21]} Rxa5
42. Ke2 {[%clk 0:04:21]} Ra2+ 43. Rd2 {[%clk 0:04:21]} Rxd2+ 44. Kxd2
{[%clk 0:04:21]} a5 45. Ra1 {[%clk 0:04:21]} Ra7 46. Kd3 {[%clk 0:04:21]} Ke8 47.
c4 {[%clk 0:04:21]} b4 48. e5 {[%clk 0:04:21]} f5 49. Ke3 {[%clk 0:04:21]} Kf7
50. f4 {[%clk 0:04:21]} Ke6 51. g3 {[%clk 0:04:21]} Kd7 52. Kd3 {[%clk 0:04:21]}
Kc6 53. Ke3 {[%clk 0:04:21]} Kb6 54. Kd3 {[%clk 0:04:21]} a4 55. bxa4
{[%clk 0:04:21]} Rd7+ 56. Ke2 {[%clk 0:04:21]} Ka5 57. Ke3 {[%clk 0:04:21]} Rd4
58. Rc1 {[%clk 0:04:21]} Kxa4 59. Ra1+ {[%clk 0:04:21]} Kb3 60. Ra7
{[%clk 0:04:21]} Kc2 61. Rxe7 {[%clk 0:04:21]} Re4+ 62. Kf3 {[%clk 0:04:21]} b3
0-1

[Event "d18"]
[Site "?"]
[Date "2018.03.18"]
[Round "9.9"]
[White "Stebel, Agata"]
[Black "Trusz, Julia"]
[Result "1-0"]
[BlackElo "1696"]
[WhiteElo "1837"]
[LiveChessVersion "1.4.8"]

1. e4 {[%clk 1:30:57]} c6 {[%clk 1:30:47]} 2. d4 {[%clk 1:31:23]} d5
{[%clk 1:31:09]} 3. e5 {[%clk 1:31:46]} c5 {[%clk 1:31:11]} 4. dxc5
{[%clk 1:32:10]} Nc6 {[%clk 1:28:51]} 5. Bb5 {[%clk 1:31:17]} Bf5
{[%clk 1:23:18]} 6. Be3 {[%clk 1:29:32]} e6 {[%clk 1:22:27]} 7. c3
{[%clk 1:26:00]} Qc7 {[%clk 1:19:08]} 8. Nf3 {[%clk 1:22:13]} Nge7
{[%clk 1:17:58]} 9. Bd4 {[%clk 1:18:28]} Ng6 {[%clk 1:14:13]} 10. Nbd2
{[%clk 1:13:58]} Be7 {[%clk 1:11:17]} 11. b4 {[%clk 1:03:10]} O-O
{[%clk 1:09:30]} 12. Bxc6 {[%clk 0:54:36]} bxc6 {[%clk 1:06:05]} 13. O-O
{[%clk 0:51:30]} Qb8 {[%clk 0:52:37]} 14. Re1 {[%clk 0:47:03]} Nf4
{[%clk 0:46:10]} 15. Nb3 {[%clk 0:40:53]} Nd3 {[%clk 0:37:03]} 16. Re2
{[%clk 0:37:38]} Nf4 {[%clk 0:29:29]} 17. Re3 {[%clk 0:35:32]} Bg4
{[%clk 0:28:56]} 18. Nbd2 {[%clk 0:25:08]} a5 {[%clk 0:17:18]} 19. Qb3
{[%clk 0:23:31]} a4 {[%clk 0:16:39]} 20. Qc2 {[%clk 0:22:25]} Bf5
{[%clk 0:15:32]} 21. Qd1 {[%clk 0:18:51]} Qb5 {[%clk 0:10:04]} 22. g3
{[%clk 0:13:38]} Nh3+ {[%clk 0:07:37]} 23. Kg2 {[%clk 0:13:34]} Bg4
{[%clk 0:07:23]} 24. Qf1 {[%clk 0:12:30]} Bxf3+ {[%clk 0:03:46]} 25. Nxf3
{[%clk 0:12:13]} Qxf1+ {[%clk 0:04:07]} 26. Rxf1 {[%clk 0:12:28]} Ng5
{[%clk 0:04:25]} 27. Nd2 {[%clk 0:12:13]} h6 {[%clk 0:02:04]} 28. f4
{[%clk 0:12:07]} Nh7 {[%clk 0:02:28]} 29. c4 {[%clk 0:09:16]} Rfb8
{[%clk 0:02:01]} 30. Bc3 {[%clk 0:08:34]} Nf8 {[%clk 0:02:37]} 31. a3
{[%clk 0:08:09]} Rd8 {[%clk 0:02:29]} 32. cxd5 {[%clk 0:07:11]} exd5
{[%clk 0:02:40]} 33. Nf3 {[%clk 0:06:43]} Ne6 {[%clk 0:02:50]} 34. Rd1
{[%clk 0:06:26]} Nc7 {[%clk 0:02:26]} 35. Nd4 {[%clk 0:06:07]} g6
{[%clk 0:02:08]} 36. Nxc6 {[%clk 0:06:10]} Rd7 {[%clk 0:02:32]} 37. Nd4
{[%clk 0:05:42]} Rb8 {[%clk 0:01:47]} 38. e6 {[%clk 0:04:56]} fxe6
{[%clk 0:01:36]} 39. Nxe6 {[%clk 0:04:04]} Nb5 {[%clk 0:01:42]} 40. Be5
{[%clk 0:32:12]} Rc8 {[%clk 0:31:26]} 41. Nd4 {[%clk 0:28:00]} Nxd4
{[%clk 0:29:18]} 42. Rxd4 {[%clk 0:23:37]} Kf7 {[%clk 0:27:45]} 43. Bd6
{[%clk 0:20:50]} 1-0

[Event "d18"]
[Site "?"]
[Date "2018.03.18"]
[Round "9.10"]
[White "Trybowska, Barbara"]
[Black "Dwilewicz, Agata"]
[Result "1-0"]
[BlackElo "1846"]
[WhiteElo "1757"]
[LiveChessVersion "1.4.8"]

1. d4 {[%clk 1:30:58]} d5 {[%clk 1:30:46]} 2. c4 {[%clk 1:31:24]} e6
{[%clk 1:30:53]} 3. Nc3 {[%clk 1:31:35]} Bb4 {[%clk 1:29:50]} 4. Nf3
{[%clk 1:29:30]} Nf6 {[%clk 1:28:03]} 5. cxd5 {[%clk 1:27:01]} exd5
{[%clk 1:27:54]} 6. Bg5 {[%clk 1:24:41]} Nbd7 {[%clk 1:25:59]} 7. Qc2
{[%clk 1:19:35]} O-O {[%clk 1:25:58]} 8. e3 {[%clk 1:15:38]} h6 {[%clk 1:25:43]}
9. Bh4 {[%clk 1:14:22]} c5 {[%clk 1:18:51]} 10. dxc5 {[%clk 1:07:10]} Qa5
{[%clk 1:13:01]} 11. Bd3 {[%clk 0:50:48]} Ne4 {[%clk 1:03:47]} 12. O-O
{[%clk 0:38:32]} Nxc3 {[%clk 0:55:10]} 13. bxc3 {[%clk 0:37:32]} Bxc3
{[%clk 0:51:25]} 14. Rac1 {[%clk 0:37:24]} Bb4 {[%clk 0:50:07]} 15. c6
{[%clk 0:27:25]} bxc6 {[%clk 0:46:10]} 16. Qxc6 {[%clk 0:26:56]} Nb6
{[%clk 0:44:11]} 17. Qc7 {[%clk 0:21:23]} Be6 {[%clk 0:38:52]} 18. Qg3
{[%clk 0:17:05]} Nd7 {[%clk 0:33:12]} 19. Rc6 {[%clk 0:14:16]} Qa3
{[%clk 0:21:42]} 20. Rxe6 {[%clk 0:10:37]} Qxd3 {[%clk 0:21:22]} 21. Rxh6
{[%clk 0:10:05]} Bc3 {[%clk 0:18:12]} 22. Rd6 {[%clk 0:06:21]} Qf5
{[%clk 0:17:58]} 23. Rd1 {[%clk 0:06:09]} Rab8 {[%clk 0:16:52]} 24. h3
{[%clk 0:06:23]} Rb1 {[%clk 0:14:26]} 25. Rxb1 {[%clk 0:05:15]} Qxb1+
{[%clk 0:14:54]} 26. Kh2 {[%clk 0:05:41]} Qf5 {[%clk 0:14:37]} 27. Nd4
{[%clk 0:05:34]} Bxd4 {[%clk 0:13:36]} 28. exd4 {[%clk 0:06:02]} Re8
{[%clk 0:08:39]} 29. Rxd7 {[%clk 0:05:20]} Re1 {[%clk 0:03:10]} 30. Rd8+
{[%clk 0:04:02]} Kh7 {[%clk 0:03:37]} 31. Bg5 {[%clk 0:03:47]} Qb1
{[%clk 0:02:45]} 32. Qh4+ {[%clk 0:04:07]} Kg6 {[%clk 0:03:10]} 33. Qg4
{[%clk 0:02:39]} Rh1+ {[%clk 0:03:26]} 34. Kg3 {[%clk 0:03:04]} f5
{[%clk 0:03:19]} 35. Rd6+ {[%clk 0:03:18]} 1-0